[Event "Skakligaen 2004-05"]
[Site "Denmark"]
[Date "2004.12.05"]
[Round "3.4"]
[White "Palm, Nikolaj"]
[Black "Fries Nielsen, Niels Jorgen"]
[Result "1/2-1/2"]
[WhiteElo "2213"]
[BlackElo "2401"]
[PlyCount "26"]
[EventDate "2004.11.06"]
[EventType "team"]
[EventRounds "7"]
[EventCountry "DEN"]
[SourceDate "2004.11.06"]
[WhiteTeam "Bronshoj"]
[BlackTeam "Helsinge"]
[WhiteTeamCountry "DEN"]
[BlackTeamCountry "DEN"]

1. d4 Nf6 2. Nf3 e6 3. e3 b6 4. Bd3 c5 5. O-O Be7 6. b3 Bb7 7. Bb2 O-O 8. Nbd2
Nc6 9. a3 Qc7 10. Qe2 d6 11. c4 Rfe8 12. Rfd1 Rad8 13. Rac1 Qb8 1/2-1/2

[Event "Skakligaen 2004-05"]
[Site "Denmark"]
[Date "2004.12.05"]
[Round "3.5"]
[White "Bekker Jensen, Simon"]
[Black "Yssing, Klaus"]
[Result "1-0"]
[WhiteElo "2405"]
[BlackElo "2073"]
[PlyCount "101"]
[EventDate "2004.11.06"]
[EventType "team"]
[EventRounds "7"]
[EventCountry "DEN"]
[SourceDate "2004.11.06"]
[WhiteTeam "Helsinge"]
[BlackTeam "Bronshoj"]
[WhiteTeamCountry "DEN"]
[BlackTeamCountry "DEN"]

1. d4 d5 2. c4 e6 3. Nc3 Nf6 4. cxd5 exd5 5. Bg5 c6 6. Qc2 Nbd7 7. e3 Be7 8.
Bd3 O-O 9. Nf3 Re8 10. O-O Ne4 11. Bxe7 Qxe7 12. b4 Qxb4 13. Nxe4 dxe4 14. Bxe4
Nf6 15. Bd3 h5 16. Ng5 Qd6 17. Bc4 Be6 18. Bxe6 fxe6 19. Rad1 Qe7 20. f4 Rac8
21. e4 Nh7 22. Nf3 c5 23. Qa4 Nf6 24. Ng5 cxd4 25. e5 Nd5 26. Qxd4 Qc5 27. g3
Ne3 28. Qxc5 Rxc5 29. Rc1 Rec8 30. Rxc5 Rxc5 31. Re1 Nf5 32. Rd1 Rd5 33. Rc1
Kf8 34. Nxe6+ Ke7 35. Ng5 h4 36. gxh4 Nxh4 37. Rc7+ Rd7 38. Rxd7+ Kxd7 39. Kf2
b5 40. Ke3 Ng2+ 41. Ke4 a5 42. f5 b4 43. Ne6 Nh4 44. Nxg7 a4 45. Ne6 Kc6 46.
Nd4+ Kc5 47. h3 Nxf5 48. Nxf5 b3 49. axb3 axb3 50. Nd4 b2 51. Nb3+ 1-0

[Event "Skakligaen 2004-05"]
[Site "Denmark"]
[Date "2004.12.05"]
[Round "3.6"]
[White "Paaske, Asger"]
[Black "Bekker Jensen, David"]
[Result "1/2-1/2"]
[WhiteElo "2072"]
[BlackElo "2275"]
[PlyCount "51"]
[EventDate "2004.11.06"]
[EventType "team"]
[EventRounds "7"]
[EventCountry "DEN"]
[SourceDate "2004.11.06"]
[WhiteTeam "Bronshoj"]
[BlackTeam "Helsinge"]
[WhiteTeamCountry "DEN"]
[BlackTeamCountry "DEN"]

1. e4 c5 2. c3 Nf6 3. e5 Nd5 4. d4 cxd4 5. Nf3 Nc6 6. Bc4 Nb6 7. Bb3 d6 8. exd6
Qxd6 9. O-O Be6 10. Na3 dxc3 11. Bxe6 Qxe6 12. Nb5 Qd7 13. Qe2 O-O-O 14. Be3
Qd3 15. Qxd3 Rxd3 16. bxc3 f6 17. Nxa7+ Nxa7 18. Bxb6 Nc6 19. Nd4 Rxc3 20. Ne6
Rd3 21. Rac1 Rd6 22. Rfe1 Kd7 23. Nc5+ Kc8 24. Ne6 Kd7 25. Nc5+ Kc8 26. Ne6
1/2-1/2

[Event "Skakligaen 2004-05"]
[Site "Denmark"]
[Date "2004.12.05"]
[Round "3.7"]
[White "Lauridsen, Jesper Morch"]
[Black "Petersen, Carsten"]
[Result "1-0"]
[WhiteElo "2260"]
[BlackElo "2086"]
[PlyCount "79"]
[EventDate "2004.11.06"]
[EventType "team"]
[EventRounds "7"]
[EventCountry "DEN"]
[SourceDate "2004.11.06"]
[WhiteTeam "Helsinge"]
[BlackTeam "Bronshoj"]
[WhiteTeamCountry "DEN"]
[BlackTeamCountry "DEN"]

1. e4 c5 2. Nf3 Nc6 3. d4 cxd4 4. Nxd4 Nf6 5. Nc3 e5 6. Ndb5 d6 7. Bg5 a6 8.
Bxf6 gxf6 9. Na3 Be6 10. Nc4 Rc8 11. Nd5 Nd4 12. c3 Bxd5 13. exd5 Nf5 14. a4
Ne7 15. a5 Bh6 16. Qa4+ Kf8 17. Qb4 Nxd5 18. Qxd6+ Qxd6 19. Nxd6 Rd8 20. Nxb7
Rb8 21. Bxa6 Nc7 22. Nc5 Nxa6 23. Nxa6 Rxb2 24. O-O Kg7 25. Nc7 Rb7 26. Nd5 Ra8
27. Ra4 f5 28. Rfa1 Ra6 29. Rb4 Rd7 30. Rb5 e4 31. Kf1 f4 32. c4 f3 33. Rb6 Ra8
34. Nf6 Rxa5 35. Re1 fxg2+ 36. Kxg2 Re7 37. Rxe4 Rxe4 38. Nxe4 Ra2 39. Ng3 Bc1
40. Nf5+ 1-0

[Event "Skakligaen 2004-05"]
[Site "Denmark"]
[Date "2004.12.05"]
[Round "3.8"]
[White "Petersen, Erling"]
[Black "Bjorntoft, Peter"]
[Result "1/2-1/2"]
[WhiteElo "1924"]
[BlackElo "2182"]
[PlyCount "31"]
[EventDate "2004.11.06"]
[EventType "team"]
[EventRounds "7"]
[EventCountry "DEN"]
[SourceDate "2004.11.06"]
[WhiteTeam "Bronshoj"]
[BlackTeam "Helsinge"]
[WhiteTeamCountry "DEN"]
[BlackTeamCountry "DEN"]

1. e4 d6 2. d4 Nf6 3. Nc3 g6 4. Be2 Bg7 5. Nf3 O-O 6. O-O Bg4 7. Be3 Nc6 8. h3
Bxf3 9. Bxf3 e5 10. d5 Ne7 11. g4 Kh8 12. Be2 Nd7 13. f4 exf4 14. Bxf4 Ne5 15.
Kg2 Ng8 16. Qd2 1/2-1/2

[Event "Skakligaen 2004-05"]
[Site "Denmark"]
[Date "2004.12.05"]
[Round "3.1"]
[White "El Kher, Henrik"]
[Black "Matthiesen, Arne"]
[Result "1/2-1/2"]
[WhiteElo "2430"]
[BlackElo "2334"]
[PlyCount "86"]
[EventDate "2004.11.06"]
[EventType "team"]
[EventRounds "7"]
[EventCountry "DEN"]
[SourceDate "2004.11.06"]
[WhiteTeam "K41"]
[BlackTeam "SK68"]
[WhiteTeamCountry "DEN"]
[BlackTeamCountry "DEN"]

1. e4 e6 2. d4 d5 3. Nc3 Nf6 4. e5 Nfd7 5. f4 c5 6. Nf3 Nc6 7. Be3 a6 8. dxc5
Bxc5 9. Qd2 b5 10. Qf2 Qb6 11. Bxc5 Nxc5 12. Bd3 b4 13. Ne2 a5 14. O-O Ba6 15.
f5 exf5 16. Nf4 Ne7 17. Bxa6 Rxa6 18. Rad1 Na4 19. Nxd5 Nxd5 20. Rxd5 Qxf2+ 21.
Rxf2 Nxb2 22. Nd4 Nd1 23. Nb5 Nxf2 24. Nc7+ Ke7 25. Nxa6 Ne4 26. Rxa5 Rd8 27.
h4 Rd1+ 28. Kh2 f4 29. Nxb4 Ke6 30. Nd3 Rf1 31. Nc5+ Nxc5 32. Rxc5 Ra1 33. h5
Kf5 34. Rc7 Ke6 35. Kh3 Rxa2 36. Kg4 Kxe5 37. Re7+ Kf6 38. Re2 Ra4 39. Rf2 Ke6
40. Rxf4 Ra2 41. Re4+ Kf6 42. Rf4+ Ke6 43. Re4+ Kf6 1/2-1/2

[Event "Skakligaen 2004-05"]
[Site "Denmark"]
[Date "2004.12.05"]
[Round "3.2"]
[White "Holst, Allan"]
[Black "Lund, Silas"]
[Result "1-0"]
[WhiteElo "2362"]
[BlackElo "2296"]
[PlyCount "77"]
[EventDate "2004.11.06"]
[EventType "team"]
[EventRounds "7"]
[EventCountry "DEN"]
[SourceDate "2004.11.06"]
[WhiteTeam "SK68"]
[BlackTeam "K41"]
[WhiteTeamCountry "DEN"]
[BlackTeamCountry "DEN"]

1. Nf3 e6 2. d4 c5 3. e3 Nf6 4. Bd3 b6 5. O-O Be7 6. Nbd2 Bb7 7. b3 d6 8. Bb2
O-O 9. Re1 Nbd7 10. c4 Qc7 11. Rc1 Rad8 12. Bb1 Rfe8 13. Nf1 Qb8 14. Ng3 Bf8
15. e4 cxd4 16. Bxd4 Ne5 17. Ng5 h6 18. Nh3 d5 19. exd5 exd5 20. c5 bxc5 21.
Bxc5 Bxc5 22. Rxc5 Ne4 23. Rc1 Nxg3 24. hxg3 d4 25. f4 d3 26. Rxe5 Rxe5 27.
fxe5 Qxe5 28. Qd2 Qxg3 29. Nf4 Be4 30. Rd1 Bf3 31. Qe3 Qxf4 32. Qxf4 Bxd1 33.
Qd2 Be2 34. b4 g5 35. a4 Kg7 36. b5 Rc8 37. a5 Rc5 38. Bxd3 Bxd3 39. Qxd3 1-0

[Event "Skakligaen 2004-05"]
[Site "Denmark"]
[Date "2004.12.05"]
[Round "3.3"]
[White "Schmidt, Kristen"]
[Black "Matthiesen, Martin"]
[Result "1-0"]
[WhiteElo "2352"]
[BlackElo "2280"]
[PlyCount "185"]
[EventDate "2004.11.06"]
[EventType "team"]
[EventRounds "7"]
[EventCountry "DEN"]
[SourceDate "2004.11.06"]
[WhiteTeam "K41"]
[BlackTeam "SK68"]
[WhiteTeamCountry "DEN"]
[BlackTeamCountry "DEN"]

1. e4 e5 2. Nf3 Nf6 3. Nxe5 d6 4. Nf3 Nxe4 5. d4 d5 6. Bd3 Nc6 7. O-O Be7 8.
Re1 Bg4 9. c3 f5 10. Qb3 O-O 11. Nbd2 Kh8 12. Nf1 Bxf3 13. gxf3 Nxf2 14. Kxf2
Bh4+ 15. Ng3 f4 16. Bxf4 Rxf4 17. Qxb7 Rf6 18. Qb3 Qd7 19. Kg2 Raf8 20. Bb5
Rxf3 21. Rf1 Qf7 22. Qc2 Ne7 23. Qe2 Rf6 24. Bd3 g6 25. Rxf6 Bxf6 26. Rf1 Ng8
27. h4 Qd7 28. h5 Ne7 29. Qe3 Kg7 30. hxg6 hxg6 31. Rh1 Ng8 32. Qe2 Ne7 33. Qe3
Ng8 34. Qg1 Qg4 35. Qh2 Rf7 36. Qh7+ Kf8 37. Qxg6 Qxg6 38. Bxg6 Rg7 39. Bf5 Ne7
40. Bd3 Bg5 41. Rf1+ Ke8 42. Kh3 Rf7 43. Bf5 Nxf5 44. Nxf5 Bc1 45. b3 Kd7 46.
Kg4 Bb2 47. c4 Bc3 48. Rf3 Bd2 49. cxd5 Rf6 50. Rf2 Bc1 51. Rc2 Ba3 52. Rh2
Rg6+ 53. Kf3 Rg5 54. Ke4 Rg4+ 55. Kd3 Rg1 56. Kc4 a6 57. Rh6 Rc1+ 58. Kd3 a5
59. Ne3 Bb4 60. Nc4 Rd1+ 61. Ke4 Re1+ 62. Kf5 Rf1+ 63. Kg6 Rg1+ 64. Kf7 Rd1 65.
Ne5+ Kc8 66. Rh8+ Kb7 67. Rh4 Bc3 68. Nc6 Rf1+ 69. Ke6 Re1+ 70. Kd7 Rg1 71. Rh8
Rg7+ 72. Ke6 Rg6+ 73. Kf5 Rg2 74. a4 Re2 75. Nd8+ Ka7 76. Ne6 Kb7 77. Rh7 Kb8
78. Rxc7 Bxd4 79. Rd7 Bb2 80. Kg6 Re3 81. Rd8+ Kb7 82. Kf7 Ba3 83. d6 Rf3+ 84.
Ke7 Rxb3 85. Rd7+ Kb6 86. Nd4 Re3+ 87. Kd8 Rd3 88. Nb5 Bb4 89. Kc8 Rd2 90. Rb7+
Ka6 91. d7 Rc2+ 92. Nc7+ Rxc7+ 93. Rxc7 1-0

[Event "Skakligaen 2004-05"]
[Site "Denmark"]
[Date "2004.12.05"]
[Round "3.4"]
[White "Hansen, Lars"]
[Black "Olesen, Martin"]
[Result "1-0"]
[WhiteElo "2275"]
[BlackElo "2285"]
[PlyCount "59"]
[EventDate "2004.11.06"]
[EventType "team"]
[EventRounds "7"]
[EventCountry "DEN"]
[SourceDate "2004.11.06"]
[WhiteTeam "SK68"]
[BlackTeam "K41"]
[WhiteTeamCountry "DEN"]
[BlackTeamCountry "DEN"]

1. e4 e5 2. Bc4 Nf6 3. Nc3 Nc6 4. d3 Bb4 5. Nge2 d6 6. Bg5 Na5 7. O-O Nxc4 8.
dxc4 Bxc3 9. Nxc3 Be6 10. f4 h6 11. fxe5 dxe5 12. Bxf6 gxf6 13. Nd5 Bxd5 14.
cxd5 Qd6 15. Qf3 Ke7 16. c4 c5 17. Rf2 Rhg8 18. b4 Rac8 19. Qa3 cxb4 20. Qxa7
Rxc4 21. Qxb7+ Kf8 22. Qb5 Rxe4 23. Rc1 Rd4 24. Rf3 Rg6 25. Rd3 Rxd3 26. Qxd3
Qb6+ 27. Kh1 Rg4 28. d6 Rd4 29. Rc8+ Kg7 30. Qg3+ 1-0

[Event "Skakligaen 2004-05"]
[Site "Denmark"]
[Date "2004.12.05"]
[Round "3.3"]
[White "Greger, Roland Reinhard"]
[Black "Lindfeldt, Jan Magnus"]
[Result "1-0"]
[WhiteElo "2311"]
[BlackElo "2290"]
[PlyCount "95"]
[EventDate "2004.11.06"]
[EventType "team"]
[EventRounds "7"]
[EventCountry "DEN"]
[SourceDate "2004.11.06"]
[WhiteTeam "K41"]
[BlackTeam "SK68"]
[WhiteTeamCountry "DEN"]
[BlackTeamCountry "DEN"]

1. e4 e5 2. Bc4 Nf6 3. d4 exd4 4. Nf3 Bc5 5. O-O O-O 6. Bg5 h6 7. Bh4 g5 8.
Nxg5 hxg5 9. Bxg5 d5 10. Qf3 Be7 11. exd5 Ng4 12. Bf4 Bd6 13. h3 Ne5 14. Qg3+
Ng6 15. Bxd6 Qxd6 16. Qxd6 cxd6 17. Rd1 Bf5 18. Rxd4 Ne5 19. Na3 Nbd7 20. f4
Nxc4 21. Nxc4 Nf6 22. Nxd6 Bxc2 23. Rc1 Rad8 24. Nxb7 Rb8 25. Nc5 Bf5 26. g4
Bc8 27. b3 Rd8 28. d6 Nd7 29. Nd3 f6 30. Nb4 Bb7 31. Rc7 a5 32. Nc2 Ba8 33. Ne3
Rb7 34. Nd5 Kf7 35. Re4 Re8 36. Rxe8 Kxe8 37. Rc8+ Kf7 38. Rxa8 Rb5 39. Ne3 Rc5
40. Nc4 Ke6 41. Re8+ Kd5 42. Re7 Kc6 43. h4 a4 44. h5 axb3 45. axb3 Rb5 46. h6
Rxb3 47. Na5+ Kxd6 48. Rxd7+ 1-0

[Event "Skakligaen 2004-05"]
[Site "Denmark"]
[Date "2004.12.05"]
[Round "3.6"]
[White "Bank, Pelle Rodkjaer"]
[Black "Larsen, Peter"]
[Result "1-0"]
[WhiteElo "2269"]
[BlackElo "2183"]
[PlyCount "63"]
[EventDate "2004.11.06"]
[EventType "team"]
[EventRounds "7"]
[EventCountry "DEN"]
[SourceDate "2004.11.06"]
[WhiteTeam "SK68"]
[BlackTeam "K41"]
[WhiteTeamCountry "DEN"]
[BlackTeamCountry "DEN"]

1. d4 f5 2. Nc3 d5 3. f3 Nf6 4. Bg5 Be6 5. Qd3 c6 6. O-O-O g6 7. Qe3 Kf7 8. Bh6
Bxh6 9. Qxh6 Qf8 10. Qd2 Nbd7 11. Nh3 Kg7 12. Nf4 Bf7 13. g4 fxg4 14. fxg4 Nxg4
15. Bh3 h5 16. e4 g5 17. Nxh5+ Bxh5 18. Qxg5+ Bg6 19. Bxg4 Qf6 20. Qe3 Nb6 21.
exd5 Nc4 22. Qe2 cxd5 23. Kb1 Qd6 24. Rde1 e5 25. a3 Qb6 26. Na4 Qb5 27. Rhg1
Nxa3+ 28. Kc1 Qxa4 29. Bf5 Rh6 30. Bxg6 Rxg6 31. Qxe5+ Kf7 32. Ref1+ 1-0

[Event "Skakligaen 2004-05"]
[Site "Denmark"]
[Date "2004.12.05"]
[Round "3.7"]
[White "Kragh, Niels Kristian"]
[Black "Sobjerg, Erik"]
[Result "1/2-1/2"]
[WhiteElo "1984"]
[BlackElo "2294"]
[PlyCount "32"]
[EventDate "2004.11.06"]
[EventType "team"]
[EventRounds "7"]
[EventCountry "DEN"]
[SourceDate "2004.11.06"]
[WhiteTeam "K41"]
[BlackTeam "SK68"]
[WhiteTeamCountry "DEN"]
[BlackTeamCountry "DEN"]

1. e4 e5 2. Nf3 Nc6 3. Bc4 Nf6 4. d4 exd4 5. e5 Ng4 6. O-O d6 7. exd6 Bxd6 8.
Re1+ Kf8 9. Bb5 Bd7 10. Bxc6 Bxc6 11. h3 h5 12. Nbd2 Qf6 13. Ne4 Bxe4 14. Rxe4
Ne5 15. Nxd4 Rd8 16. Qe2 Nd7 1/2-1/2

[Event "Skakligaen 2004-05"]
[Site "Denmark"]
[Date "2004.12.05"]
[Round "3.8"]
[White "Hansen, Bjarne"]
[Black "Edoo, Niels"]
[Result "1-0"]
[WhiteElo "2221"]
[BlackElo "1924"]
[PlyCount "49"]
[EventDate "2004.11.06"]
[EventType "team"]
[EventRounds "7"]
[EventCountry "DEN"]
[SourceDate "2004.11.06"]
[WhiteTeam "SK68"]
[BlackTeam "K41"]
[WhiteTeamCountry "DEN"]
[BlackTeamCountry "DEN"]

1. d4 Nf6 2. c4 e6 3. Nf3 d5 4. Bg5 Be7 5. e3 O-O 6. Nc3 Nbd7 7. Qc2 c6 8.
O-O-O dxc4 9. Bxc4 Nd5 10. Bxe7 Qxe7 11. Nxd5 exd5 12. Bd3 g6 13. h4 c5 14. Qc3
c4 15. Bc2 b5 16. Qa5 Rb8 17. h5 Nf6 18. Ne5 Rb6 19. hxg6 fxg6 20. f3 b4 21.
Qc5 Qb7 22. Nxg6 hxg6 23. Rh8+ Kxh8 24. Qxf8+ Kh7 25. Rh1+ 1-0

[Event "Skakligaen 2004-05"]
[Site "Denmark"]
[Date "2004.12.05"]
[Round "3.1"]
[White "Borge, Nikolaj"]
[Black "Hansen, Sune Berg"]
[Result "0-1"]
[WhiteElo "2404"]
[BlackElo "2558"]
[PlyCount "46"]
[EventDate "2004.11.06"]
[EventType "team"]
[EventRounds "7"]
[EventCountry "DEN"]
[SourceDate "2004.11.06"]
[WhiteTeam "Foroyar"]
[BlackTeam "Helsingor"]
[WhiteTeamCountry "DEN"]
[BlackTeamCountry "DEN"]

1. e4 c5 2. Nf3 d6 3. g3 Nf6 4. d3 Nc6 5. Bg2 g6 6. O-O Bg7 7. h3 Rb8 8. Be3 b5
9. Qd2 b4 10. Bh6 O-O 11. Bxg7 Kxg7 12. Nh4 e5 13. f4 Nh5 14. Qf2 exf4 15. gxf4
Nd4 16. f5 Nxc2 17. Nxg6 fxg6 18. Qxc2 Qg5 19. Nd2 Qe3+ 20. Rf2 Ba6 21. d4 Nf4
22. Nf1 Qxd4 23. Kh1 Bd3 0-1

[Event "Skakligaen 2004-05"]
[Site "Denmark"]
[Date "2004.12.05"]
[Round "3.2"]
[White "Larsen, Ole Bogh"]
[Black "Nilssen, John Arni"]
[Result "1-0"]
[WhiteElo "2235"]
[BlackElo "2403"]
[PlyCount "49"]
[EventDate "2004.11.06"]
[EventType "team"]
[EventRounds "7"]
[EventCountry "DEN"]
[SourceDate "2004.11.06"]
[WhiteTeam "Helsingor"]
[BlackTeam "Foroyar"]
[WhiteTeamCountry "DEN"]
[BlackTeamCountry "DEN"]

1. d4 Nf6 2. Nf3 g6 3. Nbd2 c5 4. c3 cxd4 5. cxd4 Bg7 6. g3 Nc6 7. b3 Qa5 8.
Bb2 Ne4 9. Bg2 d5 10. O-O Nxd2 11. Nxd2 Nxd4 12. Nc4 dxc4 13. Bxd4 e5 14. Be3
c3 15. Qd6 e4 16. Bxe4 Qb5 17. Rfd1 Be6 18. a4 Qd7 19. Qb4 Qc7 20. Bxb7 Rb8 21.
Bc6+ Qxc6 22. Qxb8+ Bc8 23. Rd6 Qb7 24. Qxb7 Bxb7 25. Bd4 1-0

[Event "Skakligaen 2004-05"]
[Site "Denmark"]
[Date "2004.12.05"]
[Round "3.3"]
[White "Olsen, Heini"]
[Black "Jorgensen, Michael"]
[Result "1-0"]
[WhiteElo "2359"]
[BlackElo "2192"]
[PlyCount "113"]
[EventDate "2004.11.06"]
[EventType "team"]
[EventRounds "7"]
[EventCountry "DEN"]
[SourceDate "2004.11.06"]
[WhiteTeam "Foroyar"]
[BlackTeam "Helsingor"]
[WhiteTeamCountry "DEN"]
[BlackTeamCountry "DEN"]

1. Nf3 f5 2. g3 Nf6 3. Bg2 g6 4. O-O Bg7 5. c4 O-O 6. d4 d6 7. Nc3 c6 8. d5 Qa5
9. Nd4 Qc5 10. Qd3 Ng4 11. Nb3 Qb4 12. dxc6 bxc6 13. Nd5 Qb7 14. c5 Ne5 15. Qd1
e6 16. Nf4 d5 17. f3 Nf7 18. e4 e5 19. Nd3 a5 20. Bd2 a4 21. Nbc1 Be6 22. Re1
a3 23. b3 Nd7 24. Qc2 Rae8 25. Rb1 Nf6 26. Nf2 Qd7 27. Ncd3 g5 28. exd5 Nxd5
29. Re2 Qc7 30. Rbe1 Bc8 31. b4 Ba6 32. Qb3 Rd8 33. Qxa3 Bb5 34. Qb3 Ra8 35.
Bc1 Qb7 36. Bb2 Qa6 37. a3 Rad8 38. Bf1 g4 39. fxg4 f4 40. Re4 Ng5 41. Nxe5
Bxf1 42. Rxf4 Bb5 43. h4 Ne6 44. Rxf8+ Nxf8 45. g5 Qa7 46. Nfg4 Qe7 47. Nf3 Qf7
48. Bxg7 Qxg7 49. Nh6+ Kh8 50. Ne5 Qc7 51. Nef7+ Kg7 52. Qb2+ Kg6 53. Qb1+ Kg7
54. Qa1+ Kg6 55. Nh8+ Kh5 56. Qd1+ Be2 57. Qxe2# 1-0

[Event "Skakligaen 2004-05"]
[Site "Denmark"]
[Date "2004.12.05"]
[Round "3.4"]
[White "Nielsen, Nicholas Roland"]
[Black "Naes, Flovin Tor"]
[Result "1/2-1/2"]
[WhiteElo "2195"]
[BlackElo "2303"]
[PlyCount "120"]
[EventDate "2004.11.06"]
[EventType "team"]
[EventRounds "7"]
[EventCountry "DEN"]
[SourceDate "2004.11.06"]
[WhiteTeam "Helsingor"]
[BlackTeam "Foroyar"]
[WhiteTeamCountry "DEN"]
[BlackTeamCountry "DEN"]

1. e4 e5 2. Nf3 Nc6 3. Bb5 a6 4. Ba4 Nf6 5. O-O Nxe4 6. d4 b5 7. Bb3 d5 8. dxe5
Be6 9. Nbd2 Nc5 10. c3 Be7 11. Bc2 Bg4 12. Re1 Qd7 13. Nb3 Ne6 14. a4 Rd8 15.
axb5 axb5 16. Qd3 Bh5 17. Nfd4 Ncxd4 18. Nxd4 Bg6 19. Nf5 c5 20. Qh3 O-O 21. f4
Bxf5 22. Bxf5 g6 23. Bg4 h5 24. Bf3 d4 25. f5 Ng5 26. Bxg5 Bxg5 27. e6 fxe6 28.
Rxe6 Rf6 29. Bc6 Qf7 30. Bxb5 Rxf5 31. Bc4 Kh7 32. g4 Rf3 33. Qg2 h4 34. Rxg6
Be3+ 35. Kh1 h3 36. Qe2 d3 37. Bxd3 Rxd3 38. Qxd3 Qxg6 39. Ra7+ Kh6 40. Ra6
Qxa6 41. Qxa6+ Kg5 42. Qc4 Rf2 43. Qd5+ Kxg4 44. Qe6+ Kf4 45. Qxh3 Rxb2 46.
Qg3+ Ke4 47. Qg6+ Kf3 48. h3 Rd2 49. Qg4+ Kf2 50. h4 Ke1 51. h5 Rf2 52. Qe4 Kd2
53. Qe5 c4 54. h6 Rf4 55. Qh5 Kxc3 56. h7 Bd4 57. h8=Q Bxh8 58. Qxh8+ Kd3 59.
Qh3+ Kd4 60. Qd7+ Ke3 1/2-1/2

[Event "Skakligaen 2004-05"]
[Site "Denmark"]
[Date "2004.12.05"]
[Round "3.5"]
[White "Samuelsen, Carl Eli"]
[Black "Vinther Juul, Kristian"]
[Result "1/2-1/2"]
[WhiteElo "2195"]
[BlackElo "2084"]
[PlyCount "39"]
[EventDate "2004.11.06"]
[EventType "team"]
[EventRounds "7"]
[EventCountry "DEN"]
[SourceDate "2004.11.06"]
[WhiteTeam "Foroyar"]
[BlackTeam "Helsingor"]
[WhiteTeamCountry "DEN"]
[BlackTeamCountry "DEN"]

1. e4 e6 2. Qe2 c5 3. Nf3 g6 4. d3 Bg7 5. g3 Nc6 6. c3 Nge7 7. Bg2 O-O 8. h4 h5
9. Be3 d6 10. Qd2 e5 11. Na3 Rb8 12. Bh6 b5 13. Bxg7 Kxg7 14. Nc2 d5 15. exd5
Nxd5 16. O-O Nf6 17. Rfe1 Re8 18. Ng5 Qd6 19. Qe3 b4 20. Ne4 1/2-1/2

[Event "Skakligaen 2004-05"]
[Site "Denmark"]
[Date "2004.12.05"]
[Round "3.6"]
[White "Dalsberg, Sandra de Blecourt"]
[Black "Danielsen, Heini"]
[Result "0-1"]
[WhiteElo "2066"]
[BlackElo "2149"]
[PlyCount "68"]
[EventDate "2004.11.06"]
[EventType "team"]
[EventRounds "7"]
[EventCountry "DEN"]
[SourceDate "2004.11.06"]
[WhiteTeam "Helsingor"]
[BlackTeam "Foroyar"]
[WhiteTeamCountry "DEN"]
[BlackTeamCountry "DEN"]

1. d4 Nf6 2. Bg5 e6 3. e4 c5 4. e5 h6 5. Bc1 Nd5 6. c4 Nc7 7. dxc5 Nc6 8. Nf3
Bxc5 9. Nc3 d6 10. Bf4 dxe5 11. Qxd8+ Kxd8 12. Nxe5 Nxe5 13. Bxe5 f6 14. O-O-O+
Bd7 15. Ne4 Be7 16. Bd6 Ne8 17. Be2 f5 18. Bxe7+ Kxe7 19. Nc5 Bc6 20. Rhe1 e5
21. Bh5 Kf6 22. Nd7+ Bxd7 23. Rxd7 g6 24. Bd1 Rb8 25. f3 Ng7 26. Rd6+ Ne6 27.
Ba4 Rh7 28. Rd5 Rc7 29. Bb3 b5 30. Rdxe5 Nf4 31. R5e3 bxc4 32. Bc2 Nxg2 33.
Re6+ Kf7 34. Rd6 Nxe1 0-1

[Event "Skakligaen 2004-05"]
[Site "Denmark"]
[Date "2004.12.05"]
[Round "3.7"]
[White "Petersen, Terji"]
[Black "Jensen, Ib"]
[Result "1/2-1/2"]
[WhiteElo "2022"]
[BlackElo "1961"]
[PlyCount "87"]
[EventDate "2004.11.06"]
[EventType "team"]
[EventRounds "7"]
[EventCountry "DEN"]
[SourceDate "2004.11.06"]
[WhiteTeam "Foroyar"]
[BlackTeam "Helsingor"]
[WhiteTeamCountry "DEN"]
[BlackTeamCountry "DEN"]

1. d4 Nf6 2. c4 e6 3. Nc3 Bb4 4. Bg5 h6 5. Bh4 c5 6. e3 cxd4 7. exd4 Qa5 8. Qc2
Ne4 9. Rc1 d5 10. cxd5 exd5 11. f3 Nd6 12. Bd3 Nc6 13. Nge2 O-O 14. O-O Bxc3
15. bxc3 Nc4 16. Rfe1 Bd7 17. Qb3 Qa6 18. Bb1 N6a5 19. Qc2 f5 20. Be7 Ne3 21.
Qb2 Nac4 22. Qb4 Rf7 23. Bd3 Re8 24. Bh4 Qc6 25. f4 a5 26. Qb1 Nd2 27. Qb2 Ne4
28. Rb1 Rb8 29. Bb5 Qg6 30. Bg3 h5 31. Bxd7 Rxd7 32. Qb5 Rbd8 33. Qd3 Nc4 34.
Rb5 Qf7 35. Bh4 Rc8 36. Rc1 Qe6 37. Ng3 Re8 38. Qf3 Ned2 39. Qxh5 Qe3+ 40. Kh1
Qe1+ 41. Nf1 Qxc1 42. Qxe8+ Kh7 43. Qh5+ Kg8 44. Qe8+ 1/2-1/2

[Event "Skakligaen 2004-05"]
[Site "Denmark"]
[Date "2004.12.05"]
[Round "3.8"]
[White "Petersen, Aage"]
[Black "Hansen, Poul Martin"]
[Result "0-1"]
[WhiteElo "1940"]
[BlackElo "1848"]
[PlyCount "74"]
[EventDate "2004.11.06"]
[EventType "team"]
[EventRounds "7"]
[EventCountry "DEN"]
[SourceDate "2004.11.06"]
[WhiteTeam "Helsingor"]
[BlackTeam "Foroyar"]
[WhiteTeamCountry "DEN"]
[BlackTeamCountry "DEN"]

1. d4 Nf6 2. Nf3 e6 3. Bf4 c5 4. e3 Nc6 5. c3 d5 6. Nbd2 Be7 7. Bd3 O-O 8. Ne5
Bd7 9. Qf3 Rc8 10. Qh3 cxd4 11. exd4 a6 12. O-O b5 13. a3 g6 14. Bh6 Re8 15. f4
Nh5 16. g4 Ng7 17. Bxg7 Nxe5 18. Bxe5 f6 19. f5 exf5 20. gxf5 fxe5 21. dxe5
Bc5+ 22. Kh1 Rxe5 23. Qg3 Re3 24. Rf3 Bc6 25. fxg6 h6 26. Qf4 Qe7 27. Qf7+ Qxf7
28. gxf7+ Kf8 29. Rxe3 Bxe3 30. Rd1 Rc7 31. h3 Rxf7 32. Nf1 d4+ 33. Kh2 Rf2+
34. Kg3 Rg2+ 35. Kh4 Bg5+ 36. Kh5 Bf3+ 37. Kg6 Bxd1 0-1

[Event "Skakligaen 2004-05"]
[Site "Denmark"]
[Date "2004.12.05"]
[Round "3.1"]
[White "Pedersen, Christian Kyndel"]
[Black "Rasmussen, Karsten"]
[Result "0-1"]
[WhiteElo "2381"]
[BlackElo "2458"]
[PlyCount "76"]
[EventDate "2004.11.06"]
[EventType "team"]
[EventRounds "7"]
[EventCountry "DEN"]
[SourceDate "2004.11.06"]
[WhiteTeam "Nordre"]
[BlackTeam "Skolerne"]
[WhiteTeamCountry "DEN"]
[BlackTeamCountry "DEN"]

1. e4 c5 2. Nf3 d6 3. Nc3 Nc6 4. Bb5 e5 5. d3 Be7 6. Nd2 Nf6 7. Nf1 Bg4 8. f3
Be6 9. Ne3 O-O 10. Bc4 Nh5 11. O-O Bg5 12. Ned5 Nd4 13. a4 Kh8 14. Ne2 Nxe2+
15. Qxe2 Bxc1 16. Raxc1 Bxd5 17. Bxd5 Nf4 18. Qd2 Nxd5 19. exd5 Qb6 20. c4 a5
21. Rce1 Qb3 22. Ra1 f5 23. Qc3 Qb4 24. Ra3 Qb6 25. Rb3 Qc7 26. Rb5 f4 27. Qb3
Rf7 28. g4 fxg3 29. hxg3 g5 30. g4 h5 31. gxh5 Raf8 32. Qc3 b6 33. Qd2 Rf4 34.
Rf2 g4 35. Rg2 gxf3 36. Rh2 f2+ 37. Kf1 Qg7 38. Rh1 Rg8 0-1

[Event "Skakligaen 2004-05"]
[Site "Denmark"]
[Date "2004.12.05"]
[Round "3.2"]
[White "Sorensen, Jan"]
[Black "Christensen, Jan Schleicher"]
[Result "0-1"]
[WhiteElo "2412"]
[BlackElo "2249"]
[PlyCount "56"]
[EventDate "2004.11.06"]
[EventType "team"]
[EventRounds "7"]
[EventCountry "DEN"]
[SourceDate "2004.11.06"]
[WhiteTeam "Skolerne"]
[BlackTeam "Nordre"]
[WhiteTeamCountry "DEN"]
[BlackTeamCountry "DEN"]

1. d4 d5 2. c4 e6 3. Nc3 c5 4. e3 Nc6 5. Nf3 Nf6 6. cxd5 exd5 7. Bb5 a6 8.
Bxc6+ bxc6 9. O-O Bd6 10. dxc5 Bxc5 11. Qc2 Ba7 12. b3 O-O 13. Bb2 Bg4 14. Ne5
Qd6 15. Na4 Rac8 16. h3 Bh5 17. Qd3 Rfe8 18. Qxa6 Rc7 19. Nd3 Be2 20. Rfe1 Bb8
21. Ba3 Qxa3 22. Rxe2 Qd6 23. f4 Ne4 24. Rc1 Ba7 25. b4 Ng3 26. Ne5 Nxe2+ 27.
Qxe2 f6 28. Qh5 g6 0-1